ALMO special (Record no. 73330)
[ view plain ]
| 000 -LEADER | |
|---|---|
| fixed length control field | 01557cam a2200217 4500 |
| 001 - CONTROL NUMBER | |
| control field | ABS66995 |
| 008 - FIXED-LENGTH DATA ELEMENTS--GENERAL INFORMATION | |
| fixed length control field | 030902n2003 000 0 eng u |
| 035 ## - SYSTEM CONTROL NUMBER | |
| System control number | (Sirsi) u123469 |
| 245 ## - TITLE STATEMENT | |
| Title | ALMO special |
| 260 ## - PUBLICATION, DISTRIBUTION, ETC. | |
| Date of publication, distribution, etc. | 2003 |
| 490 ## - SERIES STATEMENT | |
| Series statement | Housing Today |
| Volume/sequential designation | (342) 18 July 2003, 22-37(16) |
| 520 ## - SUMMARY, ETC. | |
| Summary, etc. | Collection of articles on Arm's Length Management, which three years ago was a neglected theory and today is a central plank of government housing policy embracing 350 000 homes. "Where do we go from here?" defines and looks at the future of arm's length management companies (ALMOs). "Just do it" describes the new spirit of can-do, which has accompanied Oldham's setting up of its ALMO. "Beginners guide" reports on the learning partnership between Colchester, whose tenants have just voted in favour of an ALMO and Westminster, whose City West Homes has managed 20 000 homes successfully since April 2002. "The ones they leave behind" investigates what happened to Cheltenham's housing department after it moved its landlord services to an ALMO. "Reach out" looks at a tenancy support team set up by Derby. "Long arm of the law" warns against under-estimating the legal issues involved with setting up an ALMO. Incluces notes on drawing up a service level agreement and a handbook of working arrangements. |
| 590 ## - LOCAL NOTE (RLIN) | |
| Local note | ABS |
| 650 ## - SUBJECT ADDED ENTRY--TOPICAL TERM | |
| Topical term or geographic name entry element | ARM'S LENGTH MANAGEMENT ORGANISATIONS |
| 650 ## - SUBJECT ADDED ENTRY--TOPICAL TERM | |
| Topical term or geographic name entry element | HOUSING POLICY |
| 650 ## - SUBJECT ADDED ENTRY--TOPICAL TERM | |
| Topical term or geographic name entry element | STOCK TRANSFER |
| 650 ## - SUBJECT ADDED ENTRY--TOPICAL TERM | |
| Topical term or geographic name entry element | SERVICE LEVEL AGREEMENTS |
| 650 ## - SUBJECT ADDED ENTRY--TOPICAL TERM | |
| Topical term or geographic name entry element | TENANTS |
| 690 ## - LOCAL SUBJECT ADDED ENTRY--TOPICAL TERM (OCLC, RLIN) | |
| Topical term or geographic name as entry element | Affordable housing |
| 9 (RLIN) | 6215 |
| 942 ## - ADDED ENTRY ELEMENTS (KOHA) | |
| Suppress in OPAC | 0 |
| Withdrawn status | Lost status | Source of classification or shelving scheme | Damaged status | Not for loan | Home library | Current library | Shelving location | Date acquired | Total Checkouts | Full call number | Barcode | Date last seen | Copy number | Price effective from | Koha item type |
|---|---|---|---|---|---|---|---|---|---|---|---|---|---|---|---|
| Dewey Decimal Classification | London | London | Journal article | 02/09/2003 | ABS66995 | 123469-1001 | 06/08/2019 | 1 | 06/08/2019 | Journal article |